Niños en movimiento : (Record no. 418)
[ view plain ]
| 000 -CABECERA | |
|---|---|
| campo de control de longitud fija | 01176nam a2200193 a 4500 |
| 001 - NÚMERO DE CONTROL | |
| campo de control | 000000420 |
| 005 - FECHA Y HORA DE LA ÚLTIMA TRANSACCIÓN | |
| campo de control | 20200929145336.0 |
| 008 - DATOS DE LONGITUD FIJA--INFORMACIÓN GENERAL | |
| campo de control de longitud fija | 081127s2005 dr a 000 0 spa d |
| 040 ## - FUENTE DE LA CATALOGACIÓN | |
| Centro catalogador/agencia de origen | DO-SdBNP |
| Lengua de catalogación | spa |
| Centro/agencia transcriptor | BNPHU |
| 082 ## - NÚMERO DE LA CLASIFICACIÓN DECIMAL DEWEY | |
| Número de clasificación | 155.412 |
| Número de documento/Ítem | O39n |
| 100 1# - ENTRADA PRINCIPAL--NOMBRE DE PERSONA | |
| Nombre de persona | Ojeda ƠNeill, María I. |
| 9 (RLIN) | 1402 |
| 245 10 - MENCIÓN DE TÍTULO | |
| Título | Niños en movimiento : |
| Resto del título | educando el movimiento de la niñez / |
| Mención de responsabilidad, etc. | María I. Ojeda ƠNeill. |
| 260 ## - PUBLICACIÓN, DISTRIBUCIÓN, ETC. | |
| Lugar de publicación, distribución, etc. | Santo Domingo : |
| Nombre del editor, distribuidor, etc. | Búho, |
| Fecha de publicación, distribución, etc. | 2005. |
| 300 ## - DESCRIPCIÓN FÍSICA | |
| Extensión | iv , 79 p. : |
| Otras características físicas | il. ; |
| Dimensiones | 21 cm. |
| 504 ## - NOTA DE BIBLIOGRAFÍA, ETC. | |
| Nota de bibliografía, etc. | Incluye referencias bibliográficas |
| 505 0# - NOTA DE CONTENIDO CON FORMATO | |
| Nota de contenido con formato | Agradecimientos -- Contenido -- Prólogo -- Autores -- El movimiento: generador de vida -- El currículo de movimiento integrado -- Destrezas locomotrices: destrezas fundamentales de movimiento -- Destrezas manipulativas : destrezas fundamentales de movimiento -- Destrezas no locomotrices: destrezas fundamentales de movimiento -- Prácticas apropiadas -- Educación del movimiento como vehículo de enseñanza para estudiantes con necesidades especiales -- Ambiente activo para la educación del movimiento -- Niños en movimiento... compromiso compartido. |
| 650 #4 - PUNTO DE ACCESO ADICIONAL DE MATERIA--TÉRMINO DE MATERIA | |
| Término de materia o nombre geográfico como elemento de entrada | Psicomotricidad |
| 9 (RLIN) | 1403 |
| 650 #4 - PUNTO DE ACCESO ADICIONAL DE MATERIA--TÉRMINO DE MATERIA | |
| Término de materia o nombre geográfico como elemento de entrada | Aptitud motora en niños |
| 9 (RLIN) | 1404 |
| Estado de retiro | Estado de pérdida | Restricciones de uso | No para préstamo | Código de colección | Localización permanente | Ubicación/localización actual | Ubicación en estantería | Fecha de adquisición | Número de inventario | Total de préstamos | Signatura topográfica completa | Código de barras | Fecha visto por última vez | Número de copia | Precio válido a partir de | Tipo de ítem Koha |
|---|---|---|---|---|---|---|---|---|---|---|---|---|---|---|---|---|
| Préstamo interno | Préstamo en sala | Dominicana de Servicio | Biblioteca Nacional Pedro Henríquez Ureña | Biblioteca Nacional Pedro Henríquez Ureña | Depósito | 25.07.2009 | LF1 | 155.412 O39n | 420-30 | 25.06.2020 | e. 3 | 25.06.2020 | Libros y folletos | |||
| Préstamo restrigido | Patrimonio Dominicano | Biblioteca Nacional Pedro Henríquez Ureña | Biblioteca Nacional Pedro Henríquez Ureña | Depósito | 25.07.2009 | LF1 | 155.412 O39n | 420-10 | 25.06.2020 | 25.06.2020 | Libros y folletos | |||||
| Préstamo restrigido | Patrimonio Dominicano | Biblioteca Nacional Pedro Henríquez Ureña | Biblioteca Nacional Pedro Henríquez Ureña | Depósito | 25.07.2009 | LF1 | 155.412 O39n | 420-20 | 25.06.2020 | e. 2 | 25.06.2020 | Libros y folletos |
